THE UNABRIDGED MARK TWAIN (Record no. 19678)

MARC details
000 -LEADER
fixed length control field 00392nam a22001577a 4500
003 - CONTROL NUMBER IDENTIFIER
control field OSt
005 - DATE AND TIME OF LATEST TRANSACTION
control field 20211123103642.0
008 - FIXED-LENGTH DATA ELEMENTS--GENERAL INFORMATION
fixed length control field 211123b |||||||| |||| 00| 0 eng d
020 ## - INTERNATIONAL STANDARD BOOK NUMBER
International Standard Book Number 0914294539
040 ## - CATALOGING SOURCE
Original cataloging agency HU
Transcribing agency DDC813.4/CLE
082 ## - DEWEY DECIMAL CLASSIFICATION NUMBER
Classification number 813.4/CLE
245 ## - TITLE STATEMENT
Title THE UNABRIDGED MARK TWAIN
260 ## - PUBLICATION, DISTRIBUTION, ETC.
Place of publication, distribution, etc. NEW JERSEY
Name of publisher, distributor, etc. RUNNING PRESS
Date of publication, distribution, etc. 1975
300 ## - PHYSICAL DESCRIPTION
Extent XVIII,1289P25CM
942 ## - ADDED ENTRY ELEMENTS (KOHA)
Source of classification or shelving scheme Dewey Decimal Classification
Koha item type Books like text book referance book
Suppress in OPAC No
Holdings
Withdrawn status Lost status Source of classification or shelving scheme Damaged status Not for loan Home library Current library Shelving location Date acquired Total Checkouts Full call number Barcode Date last seen Copy number Price effective from Koha item type
    Dewey Decimal Classification     Law & Governance lLbrary Law & Governance lLbrary General Stacks 11/23/2021   813.4/CLE LGCLIB00005840 11/23/2021 C1 11/23/2021 Books like text book referance book